LEADER 01977nam0 22004333i 450 001 MIL0241417 005 20251003044229.0 010 $a8815047727 020 $aIT$b95-8947 100 $a19950503d1995 ||||0itac50 ba 101 | $aita$cita 102 $ait 181 1$6z01$ai $bxxxe 182 1$6z01$an 183 1$6z01$anc$2RDAcarrier 200 1 $aComunicazione e identità$edalle situazioni quotidiane agli ambienti virtuali$fGiuseppe Mantovani 210 $aBologna$cIl mulino$d[1995] 215 $a249 p.$d22 cm. 225 | $aSaggi$v432 410 0$1001CFI0000015$12001 $aSaggi$v432 500 10$aComunicazione e identità$3UBA0090463$9CFIV001313$9510170 606 $aComunicazione$2FIR$3CFIC000090$9E 606 $aInformatica$xDiffusione$xAspetti sociali$2FIR$3CFIC045041$9E 676 $a302.2$9Interazione sociale. Comunicazione$v20 676 $a302.2$9INTERAZIONE SOCIALE. COMUNICAZIONE$v22 676 $a302.234$9MEDIA (MEZZI DI COMUNICAZIONE). CINEMA, RADIO, TELEVISIONE$v21 676 $a303.4833$9CAUSE DEL CAMBIAMENTO SOCIALE. COMUNICAZIONI$v21 696 $aScienza degli elaboratori 699 $aInformatica$yScienza degli elaboratori 700 1$aMantovani$b, Giuseppe$f <1942- >$3CFIV001313$4070$0143736 801 3$aIT$bIT-000000$c19950503 850 $aIT-BN0095 $aIT-NA0079 901 $bNAP BN$cS.MOD $nLa consegna dei documenti è effettuata dall'Ufficio Distribuzione 901 $bNAP 01$cPOZZO LIB.$nVi sono collocati fondi di economia, periodici di ingegneria e scienze, periodici di economia e statistica e altri fondi comprendenti documenti di economia pervenuti in dono. 912 $aMIL0241417 950 0$aBiblioteca Centralizzata di Ateneo$c1 v.$d 01POZZO LIB.ECON MON 5482$e 0101 0000299735E VMA 1 v.$fB $h20210330$i20210330 977 $a 01$a BN 996 $aComunicazione e identità$9510170 997 $aUNISANNIO